Central Library OPAC University of Rajshahi

The kingdom of God and peace essays / (Record no. 31510)

MARC details
000 -LEADER
fixed length control field 00925cam a2200277u 4500
001 - CONTROL NUMBER
control field 31510
003 - CONTROL NUMBER IDENTIFIER
rucl marc code BD-RjUL
005 - DATE AND TIME OF LATEST TRANSACTION
control field 20211209051718.0
008 - FIXED-LENGTH DATA ELEMENTS--GENERAL INFORMATION
fixed length control field 140420r19511936 enk 000 0 eng
035 ## - SYSTEM CONTROL NUMBER
System control number (BD-RjUL)31598
040 ## - CATALOGING SOURCE
Original cataloging agency DLC
Transcribing agency CarP
Modifying agency DLC
-- BD-RjUL
Language of cataloging eng
041 ## - LANGUAGE CODE
Language code of text/sound track or separate title eng
082 04 - DEWEY DECIMAL CLASSIFICATION NUMBER
Classification number 201
Author mark and year TOK 1951
100 1# - MAIN ENTRY--PERSONAL NAME
Personal name Tolstoy, Leo,
Dates associated with a name 1828-1910.
9 (RLIN) 95905
245 04 - TITLE STATEMENT
Title The kingdom of God and peace essays /
Statement of responsibility, etc. Leo Tolstoy, graf; Aylmer Maude.
260 ## - PUBLICATION, DISTRIBUTION, ETC. (IMPRINT)
Place of publication, distribution, etc. London :
Name of publisher, distributor, etc. Oxford university press, H. Milford,
Date of publication, distribution, etc. 1936 [Reprinted 1951].
300 ## - PHYSICAL DESCRIPTION
Pagination xiii, 591, [1] p. ;
Size 16 cm.
650 #0 - SUBJECT ADDED ENTRY--TOPICAL TERM
Topical term or geographic name as entry element War
General subdivision Religious aspects.
9 (RLIN) 95906
Topical term or geographic name as entry element Kingdom of God.
9 (RLIN) 95907
Topical term or geographic name as entry element Patriotism.
9 (RLIN) 95908
700 1# - ADDED ENTRY--PERSONAL NAME
Personal name Maude, Aylmer,
Dates associated with a name 1858-1938,
Relator term ed. and tr.
942 ## - ADDED ENTRY ELEMENTS (KOHA)
Source of classification or shelving scheme Dewey Decimal Classification
Koha item type Books
Holdings
Lost status Source of classification or shelving scheme Damaged status Not for loan Permanent Location Current Location Shelving location Date acquired Source of acquisition Cost, normal purchase price Total Checkouts Full call number Date last seen Copy number Koha item type
  Dewey Decimal Classification   Not For Loan Central Library, University of Rajshahi Central Library, University of Rajshahi Reading Room 25/10/1954 O. U. P 4.12   201 TOK 1951 20/04/2014 C-1 Books